[Event "Blitz 2018"]
[Site "Saint-Petersburg"]
[Date "2018.12.29"]
[Round "3"]
[Board "90"]
[White "Ovchinnikov Vsevolod (RUS)"]
[Black "Jumabayev Rinat (KAZ)"]
[Result "1-0"]
[BlackElo "2554"]
[WhiteElo "2375"]
[LiveChessVersion "1.4.8"]

1. Nf3 {[%clk 0:03:03]} Nf6 {[%clk 0:03:03]} 2. c4 {[%clk 0:03:04]} b6
{[%clk 0:03:04]} 3. g3 {[%clk 0:03:05]} Bb7 {[%clk 0:03:05]} 4. Bg2
{[%clk 0:03:06]} c5 {[%clk 0:03:04]} 5. O-O {[%clk 0:03:05]} g6 {[%clk 0:03:04]}
6. b3 {[%clk 0:03:07]} Bg7 {[%clk 0:03:05]} 7. Bb2 {[%clk 0:03:08]} O-O
{[%clk 0:03:06]} 8. d4 {[%clk 0:03:08]} cxd4 {[%clk 0:03:05]} 9. Bxd4
{[%clk 0:03:07]} Qc8 {[%clk 0:02:48]} 10. Bb2 {[%clk 0:02:58]} Rd8
{[%clk 0:02:46]} 11. Qc1 {[%clk 0:02:34]} Na6 {[%clk 0:02:38]} 12. Nc3
{[%clk 0:02:26]} Nc5 {[%clk 0:02:39]} 13. Rd1 {[%clk 0:02:22]} Nce4
{[%clk 0:02:35]} 14. Nxe4 {[%clk 0:02:11]} Bxe4 {[%clk 0:02:36]} 15. Ne1
{[%clk 0:02:07]} Qb7 {[%clk 0:02:33]} 16. Bxe4 {[%clk 0:02:03]} Qxe4
{[%clk 0:02:34]} 17. Qc2 {[%clk 0:02:04]} Qe6 {[%clk 0:02:16]} 18. Nf3
{[%clk 0:02:01]} Rac8 {[%clk 0:02:16]} 19. Qd3 {[%clk 0:00:53]} d5
{[%clk 0:02:07]} 20. Rac1 {[%clk 0:00:32]} h6 {[%clk 0:02:08]} 21. cxd5
{[%clk 0:00:25]} Rxc1 {[%clk 0:02:01]} 22. Rxc1 {[%clk 0:00:23]} Rxd5
{[%clk 0:02:02]} 23. Qc4 {[%clk 0:00:23]} Kh7 {[%clk 0:01:35]} 24. Kg2
{[%clk 0:00:16]} Ne4 {[%clk 0:00:58]} 25. Bxg7 {[%clk 0:00:15]} Kxg7
{[%clk 0:00:59]} 26. Qc6 {[%clk 0:00:11]} Rd6 {[%clk 0:00:49]} 27. Qc8
{[%clk 0:00:12]} Qf6 {[%clk 0:00:19]} 28. Qc4 {[%clk 0:00:08]} Nc5
{[%clk 0:00:16]} 29. b4 {[%clk 0:00:07]} Ne6 {[%clk 0:00:16]} 30. e3
{[%clk 0:00:06]} Rd7 {[%clk 0:00:11]} 31. Qb3 {[%clk 0:00:06]} Ng5
{[%clk 0:00:09]} 32. Nxg5 {[%clk 0:00:06]} hxg5 {[%clk 0:00:10]} 33. Rd1
{[%clk 0:00:05]} Rc7 {[%clk 0:00:12]} 34. b5 {[%clk 0:00:05]} g4 {[%clk 0:00:12]}
35. Kg1 {[%clk 0:00:04]} e5 {[%clk 0:00:08]} 36. Qb4 {[%clk 0:00:03]} Rc5
{[%clk 0:00:09]} 37. a4 {[%clk 0:00:04]} Qf3 {[%clk 0:00:10]} 38. Rf1
{[%clk 0:00:04]} Rc2 {[%clk 0:00:07]} 39. a5 {[%clk 0:00:05]} Rc5
{[%clk 0:00:06]} 40. axb6 axb6 {[%clk 0:00:07]} 41. Qb2 {[%clk 0:00:06]} Qd5
{[%clk 0:00:08]} 42. Rb1 {[%clk 0:00:06]} Qd3 {[%clk 0:00:08]} 43. Rf1
{[%clk 0:00:05]} Rxb5 {[%clk 0:00:09]} 44. Qa2 {[%clk 0:00:06]} Rc5
{[%clk 0:00:07]} 45. Qa4 {[%clk 0:00:07]} Qf5 {[%clk 0:00:06]} 46. Qb4
{[%clk 0:00:08]} Rc6 {[%clk 0:00:08]} 47. Qb5 {[%clk 0:00:09]} Qe6
{[%clk 0:00:07]} 48. Rd1 {[%clk 0:00:09]} Rc2 {[%clk 0:00:08]} 49. Qb4
{[%clk 0:00:09]} Rc4 {[%clk 0:00:06]} 50. Qb5 {[%clk 0:00:09]} Rc2
{[%clk 0:00:05]} 51. Qb4 {[%clk 0:00:10]} Qf5 {[%clk 0:00:05]} 52. Rf1
{[%clk 0:00:10]} Rc6 {[%clk 0:00:06]} 53. Qb5 {[%clk 0:00:11]} Rd6
{[%clk 0:00:07]} 54. Qb4 {[%clk 0:00:12]} Qe6 {[%clk 0:00:08]} 55. Rc1
{[%clk 0:00:11]} Kh7 {[%clk 0:00:04]} 56. Qb5 {[%clk 0:00:09]} Rd2
{[%clk 0:00:04]} 57. Rf1 {[%clk 0:00:09]} Rd5 {[%clk 0:00:04]} 58. Qb4
{[%clk 0:00:10]} b5 {[%clk 0:00:05]} 59. Ra1 {[%clk 0:00:10]} Qf5
{[%clk 0:00:04]} 60. e4 {[%clk 0:00:09]} Rd4 {[%clk 0:00:04]} 61. Qxd4
{[%clk 0:00:09]} 1-0

[Event "Blitz 2018"]
[Site "Saint-Petersburg"]
[Date "2018.12.29"]
[Round "3"]
[Board "91"]
[White "Kazhgaleyev Murtas (KAZ)"]
[Black "Hirneise Jens (GER)"]
[Result "1-0"]
[BlackElo "2363"]
[WhiteElo "2553"]
[LiveChessVersion "1.4.8"]

1. d4 {[%clk 0:03:01]} Nf6 {[%clk 0:03:03]} 2. c4 {[%clk 0:03:02]} g6
{[%clk 0:03:04]} 3. Nc3 {[%clk 0:03:03]} Bg7 {[%clk 0:03:05]} 4. e4
{[%clk 0:03:04]} d6 {[%clk 0:03:07]} 5. h3 {[%clk 0:03:05]} O-O {[%clk 0:03:07]}
6. Bg5 {[%clk 0:03:06]} c5 {[%clk 0:03:04]} 7. d5 {[%clk 0:03:06]} e6
{[%clk 0:03:05]} 8. Bd3 {[%clk 0:03:06]} exd5 {[%clk 0:03:03]} 9. cxd5
{[%clk 0:03:07]} a6 {[%clk 0:02:59]} 10. a4 {[%clk 0:03:07]} Nbd7
{[%clk 0:02:58]} 11. Nf3 {[%clk 0:03:08]} Re8 {[%clk 0:02:52]} 12. O-O
{[%clk 0:03:08]} Qc7 {[%clk 0:02:51]} 13. Re1 {[%clk 0:03:06]} Rb8
{[%clk 0:02:49]} 14. Rc1 {[%clk 0:02:52]} Qa5 {[%clk 0:02:30]} 15. Bf4
{[%clk 0:02:39]} Qc7 {[%clk 0:02:19]} 16. Bf1 {[%clk 0:02:30]} Nh5
{[%clk 0:02:09]} 17. Bh2 {[%clk 0:02:29]} Qb6 {[%clk 0:01:53]} 18. Qd2
{[%clk 0:02:29]} Nhf6 {[%clk 0:01:46]} 19. Qc2 {[%clk 0:02:14]} Qc7
{[%clk 0:01:24]} 20. Nd2 {[%clk 0:02:11]} Bf8 {[%clk 0:01:15]} 21. f4
{[%clk 0:02:06]} Nh5 {[%clk 0:01:08]} 22. Nf3 {[%clk 0:02:02]} c4
{[%clk 0:01:04]} 23. e5 {[%clk 0:01:59]} b5 {[%clk 0:00:56]} 24. Ne4
{[%clk 0:01:51]} Qb6+ {[%clk 0:00:48]} 25. Kh1 {[%clk 0:01:51]} Bb7
{[%clk 0:00:43]} 26. Rcd1 {[%clk 0:01:45]} Nc5 {[%clk 0:00:37]} 27. Nxd6
{[%clk 0:01:41]} Bxd6 {[%clk 0:00:37]} 28. exd6 {[%clk 0:01:41]} Rxe1
{[%clk 0:00:22]} 29. Rxe1 {[%clk 0:01:42]} Bxd5 {[%clk 0:00:20]} 30. Qd1
{[%clk 0:01:26]} Be6 {[%clk 0:00:09]} 31. Ng5 {[%clk 0:01:22]} Rd8
{[%clk 0:00:10]} 32. Nxe6 {[%clk 0:01:20]} Nxe6 {[%clk 0:00:10]} 33. f5
{[%clk 0:01:21]} Nd4 {[%clk 0:00:07]} 34. g4 {[%clk 0:01:08]} Ng7
{[%clk 0:00:04]} 35. Be5 {[%clk 0:01:09]} Ndxf5 {[%clk 0:00:03]} 36. gxf5
{[%clk 0:01:09]} Nxf5 {[%clk 0:00:04]} 37. Bg2 {[%clk 0:01:03]} Ne3
{[%clk 0:00:03]} 38. Qf3 {[%clk 0:00:58]} Nf5 {[%clk 0:00:03]} 39. Bf6
{[%clk 0:00:55]} Rc8 {[%clk 0:00:03]} 40. d7 {[%clk 0:00:55]} 1-0

[Event "Blitz 2018"]
[Site "Saint-Petersburg"]
[Date "2018.12.29"]
[Round "3"]
[Board "92"]
[White "Iljin Artem (RUS)"]
[Black "Pershin Denis (RUS)"]
[Result "0-1"]
[BlackElo "2354"]
[WhiteElo "2525"]
[LiveChessVersion "1.4.8"]

1. Nf3 {[%clk 0:03:03]} d5 {[%clk 0:03:04]} 2. d4 {[%clk 0:03:03]} Nf6
{[%clk 0:03:05]} 3. c4 {[%clk 0:03:03]} c6 {[%clk 0:03:06]} 4. e3
{[%clk 0:03:03]} Bf5 {[%clk 0:03:06]} 5. Nc3 {[%clk 0:03:02]} e6 {[%clk 0:03:08]}
6. Nh4 Be4 7. f3 {[%clk 0:02:43]} Bg6 {[%clk 0:03:09]} 8. Qb3 {[%clk 0:02:38]}
Qc7 {[%clk 0:03:10]} 9. Bd2 {[%clk 0:02:32]} Be7 {[%clk 0:03:11]} 10. g3
{[%clk 0:02:19]} dxc4 {[%clk 0:02:32]} 11. Bxc4 {[%clk 0:02:17]} b5
{[%clk 0:02:31]} 12. Be2 {[%clk 0:02:12]} a6 {[%clk 0:02:32]} 13. e4
{[%clk 0:01:07]} c5 {[%clk 0:02:27]} 14. dxc5 {[%clk 0:01:04]} Nbd7
{[%clk 0:02:28]} 15. Nxg6 {[%clk 0:00:58]} hxg6 {[%clk 0:02:29]} 16. Rc1
{[%clk 0:00:47]} Bxc5 {[%clk 0:02:22]} 17. Kf1 {[%clk 0:00:44]} Rxh2
{[%clk 0:02:06]} 18. Rxh2 {[%clk 0:00:18]} Qxg3 {[%clk 0:02:07]} 19. Rg2
{[%clk 0:00:07]} Qh3 {[%clk 0:02:08]} 20. Ke1 {[%clk 0:00:04]} Qxg2
{[%clk 0:02:06]} 21. Kd1 {[%clk 0:00:04]} Rc8 {[%clk 0:02:03]} 22. a4
{[%clk 0:00:04]} b4 {[%clk 0:02:00]} 23. Na2 {[%clk 0:00:05]} a5 {[%clk 0:01:29]}
24. Qd3 {[%clk 0:00:06]} Qg1+ {[%clk 0:01:16]} 25. Be1 {[%clk 0:00:06]} Ke7
{[%clk 0:01:02]} 26. Qb5 {[%clk 0:00:06]} Qd4+ {[%clk 0:00:54]} 27. Qd3
{[%clk 0:00:05]} Qxb2 {[%clk 0:00:47]} 28. Rc2 {[%clk 0:00:07]} Qa1+
{[%clk 0:00:32]} 29. Nc1 {[%clk 0:00:08]} Qxa4 {[%clk 0:00:32]} 30. f4
{[%clk 0:00:08]} Rd8 {[%clk 0:00:25]} 31. Bd2 {[%clk 0:00:07]} Nb6
{[%clk 0:00:23]} 32. Qb3 {[%clk 0:00:06]} Qxb3 {[%clk 0:00:22]} 33. Nxb3
{[%clk 0:00:07]} Be3 {[%clk 0:00:23]} 34. e5 {[%clk 0:00:08]} Ne4
{[%clk 0:00:24]} 0-1

[Event "Blitz 2018"]
[Site "Saint-Petersburg"]
[Date "2018.12.29"]
[Round "3"]
[Board "93"]
[White "Tregubov Pavel V. (RUS)"]
[Black "Guimaraes Diogo Duarte (BRA)"]
[Result "1-0"]
[BlackElo "2228"]
[WhiteElo "2516"]
[LiveChessVersion "1.4.8"]

1. d4 {[%clk 0:03:03]} Nf6 2. c4 c6 {[%clk 0:03:04]} 3. Nc3 {[%clk 0:03:03]} d5
4. cxd5 cxd5 5. Bf4 Nc6 {[%clk 0:03:08]} 6. e3 a6 7. Bd3 {[%clk 0:03:04]} Bg4
{[%clk 0:03:10]} 8. Nge2 {[%clk 0:03:06]} e6 {[%clk 0:03:01]} 9. O-O
{[%clk 0:03:06]} Bh5 {[%clk 0:02:56]} 10. Rc1 {[%clk 0:03:01]} Bd6
{[%clk 0:02:55]} 11. f3 {[%clk 0:03:00]} Bg6 {[%clk 0:02:49]} 12. Na4
{[%clk 0:02:59]} O-O {[%clk 0:02:37]} 13. Nc5 {[%clk 0:02:59]} Bxd3
{[%clk 0:01:38]} 14. Qxd3 {[%clk 0:02:59]} Rb8 {[%clk 0:01:22]} 15. Qb3
{[%clk 0:02:26]} e5 {[%clk 0:00:57]} 16. Bg5 {[%clk 0:02:18]} exd4
{[%clk 0:00:53]} 17. Nxd4 {[%clk 0:02:05]} Nxd4 18. exd4 h6 {[%clk 0:00:33]} 19.
Bh4 {[%clk 0:02:00]} g5 {[%clk 0:00:33]} 20. Bg3 {[%clk 0:01:47]} Bxg3 21. hxg3
Qd6 {[%clk 0:00:24]} 22. g4 {[%clk 0:01:37]} h5 {[%clk 0:00:22]} 23. Qe3
{[%clk 0:01:25]} Qf4 {[%clk 0:00:17]} 24. Qxf4 {[%clk 0:01:23]} gxf4
{[%clk 0:00:19]} 25. g5 {[%clk 0:01:23]} Nh7 {[%clk 0:00:20]} 26. Nd7
{[%clk 0:01:25]} Nxg5 {[%clk 0:00:20]} 27. Rfe1 {[%clk 0:00:58]} Ne6
{[%clk 0:00:22]} 28. Re5 {[%clk 0:00:53]} Rbc8 {[%clk 0:00:14]} 29. Rd1
{[%clk 0:00:44]} Rfd8 {[%clk 0:00:14]} 30. Nf6+ {[%clk 0:00:45]} Kg7
{[%clk 0:00:09]} 31. Nxd5 {[%clk 0:00:34]} Rc2 {[%clk 0:00:08]} 32. Ne7
{[%clk 0:00:27]} Kf6 {[%clk 0:00:08]} 33. Nd5+ Kg7 34. Rf5 {[%clk 0:00:10]} Rxb2
{[%clk 0:00:08]} 35. Nxf4 {[%clk 0:00:11]} Nxd4 {[%clk 0:00:08]} 36. Rd5
{[%clk 0:00:04]} Rxd5 37. Nxd5 Ne6 {[%clk 0:00:08]} 38. a4 {[%clk 0:00:05]} Ra2
{[%clk 0:00:08]} 39. Nb6 {[%clk 0:00:05]} Rb2 {[%clk 0:00:08]} 40. a5
{[%clk 0:00:06]} Rb5 41. Rd5 Nc5 {[%clk 0:00:07]} 42. Kh2 {[%clk 0:00:06]} Rxa5
{[%clk 0:00:08]} 43. Rxh5 Kg6 44. Rd5 Rb5 45. Nc8 {[%clk 0:00:07]} Ne6
{[%clk 0:00:11]} 46. Rd7 {[%clk 0:00:08]} a5 47. Nd6 Rh5+ 48. Kg3 f5
{[%clk 0:00:11]} 49. Rxb7 f4+ 50. Kf2 {[%clk 0:00:11]} Rd5 51. Ne4 Kf5
{[%clk 0:00:11]} 52. Ra7 Ke5 53. Ra6 {[%clk 0:00:09]} Rb5 {[%clk 0:00:13]} 54. g4
{[%clk 7:40:09]} fxg3+ 55. Kxg3 Rd5 {[%clk 0:00:13]} 56. Kg4 {[%clk 0:00:10]} Kd4
{[%clk 0:00:12]} 57. Nf6 {[%clk 0:00:09]} Re5 58. f4 Re1 {[%clk 0:00:14]} 59. f5
{[%clk 0:00:10]} Nc5 {[%clk 0:00:15]} 60. Rxa5 Rg1+ 61. Kh5 {[%clk 0:00:11]} Rf1
62. Kg6 Rg1+ {[%clk 0:00:17]} 63. Kf7 Rf1 64. Kg6 Rg1+ 65. Kh6 {[%clk 0:00:06]}
Rf1 {[%clk 0:00:21]} 66. Kg5 Rg1+ 67. Ng4 Ne4+ 68. Kh5 {[%clk 0:30:02]} Rh1+ 69.
Kg6 Rg1 70. Ra4+ Kd5 {[%clk 0:00:20]} 71. Kh5 Rh1+ 72. Kg6 Rg1 73. Kh5 Rh1+ 74.
Kg6 1-0

[Event "Blitz 2018"]
[Site "Saint-Petersburg"]
[Date "2018.12.29"]
[Round "3"]
[Board "94"]
[White "Perdomo Carlos Andres (COL)"]
[Black "Carlsson Pontus (SWE)"]
[Result "0-1"]
[BlackElo "2511"]
[WhiteElo "2301"]
[LiveChessVersion "1.4.8"]

1. Nf3 {[%clk 0:03:02]} Nf6 {[%clk 0:03:03]} 2. c4 {[%clk 0:03:01]} c5
{[%clk 0:03:04]} 3. g3 {[%clk 0:03:00]} b6 {[%clk 0:03:05]} 4. Bg2 Bb7 5. O-O
{[%clk 0:03:01]} e6 {[%clk 0:03:09]} 6. Nc3 {[%clk 0:02:54]} d6 {[%clk 0:03:08]}
7. b3 {[%clk 0:02:48]} Be7 {[%clk 0:03:09]} 8. Bb2 {[%clk 0:02:49]} O-O
{[%clk 0:03:09]} 9. d4 {[%clk 0:02:43]} cxd4 {[%clk 0:03:10]} 10. Qxd4
{[%clk 0:02:43]} a6 {[%clk 0:03:11]} 11. Rad1 {[%clk 0:02:40]} Nbd7
{[%clk 0:03:11]} 12. Ba3 {[%clk 0:02:24]} Nc5 {[%clk 0:03:12]} 13. h3
{[%clk 0:02:05]} Qc7 {[%clk 0:03:12]} 14. Bb2 {[%clk 0:01:52]} Rfd8
{[%clk 0:03:09]} 15. Ng5 {[%clk 0:01:48]} Bxg2 {[%clk 0:03:01]} 16. Kxg2
{[%clk 0:01:49]} Qb7+ {[%clk 0:02:45]} 17. Kh2 {[%clk 0:01:46]} h6
{[%clk 0:02:29]} 18. Nf3 {[%clk 0:01:43]} Bf8 {[%clk 0:02:20]} 19. Rfe1
{[%clk 0:01:39]} b5 {[%clk 0:02:12]} 20. b4 {[%clk 0:01:32]} Ncd7
{[%clk 0:02:13]} 21. cxb5 {[%clk 0:01:26]} axb5 {[%clk 0:02:14]} 22. Qd3
{[%clk 0:01:26]} Rdb8 {[%clk 0:02:12]} 23. Nd4 {[%clk 0:01:24]} Ne5
{[%clk 0:01:58]} 24. Qb1 {[%clk 0:01:08]} Qa6 {[%clk 0:01:56]} 25. Rc1
{[%clk 0:00:50]} d5 {[%clk 0:01:57]} 26. e4 {[%clk 0:00:44]} dxe4
{[%clk 0:01:22]} 27. Nxe4 {[%clk 0:00:45]} Nxe4 {[%clk 0:01:18]} 28. Rxe4
{[%clk 0:00:42]} Nc4 {[%clk 0:01:18]} 29. Nxb5 {[%clk 0:00:39]} Nd2
{[%clk 0:01:18]} 30. Nc7 {[%clk 0:00:28]} Qxa2 {[%clk 0:01:07]} 31. Qxa2
{[%clk 0:00:12]} Rxa2 {[%clk 0:01:07]} 0-1

[Event "Blitz 2018"]
[Site "Saint-Petersburg"]
[Date "2018.12.29"]
[Round "3"]
[Board "95"]
[White "Gaifullin Artur (RUS)"]
[Black "Zhigalko Andrey (BLR)"]
[Result "1-0"]
[BlackElo "2493"]
[WhiteElo "2231"]
[LiveChessVersion "1.4.8"]

1. d4 {[%clk 0:03:04]} Nf6 {[%clk 0:03:03]} 2. c4 {[%clk 0:03:05]} e6
{[%clk 0:03:05]} 3. Nf3 {[%clk 0:03:06]} d5 {[%clk 0:03:06]} 4. g3
{[%clk 0:03:06]} Be7 {[%clk 0:03:06]} 5. Bg2 {[%clk 0:03:07]} O-O
{[%clk 0:03:07]} 6. O-O {[%clk 0:03:07]} dxc4 {[%clk 0:03:08]} 7. Ne5
{[%clk 0:03:08]} c5 {[%clk 0:03:05]} 8. dxc5 {[%clk 0:03:07]} Qc7
{[%clk 0:03:06]} 9. Nxc4 {[%clk 0:02:57]} Qxc5 {[%clk 0:03:06]} 10. Nba3
{[%clk 0:02:52]} Rd8 {[%clk 0:02:52]} 11. Qb3 {[%clk 0:02:49]} Nc6
{[%clk 0:02:42]} 12. Be3 {[%clk 0:02:35]} Qh5 {[%clk 0:02:41]} 13. Qb5
{[%clk 0:02:14]} Qxe2 {[%clk 0:02:06]} 14. Rfe1 {[%clk 0:02:06]} Qh5
{[%clk 0:01:44]} 15. Qxh5 {[%clk 0:01:38]} Nxh5 {[%clk 0:01:45]} 16. Nb5
{[%clk 0:01:39]} Nf6 {[%clk 0:01:16]} 17. Rad1 {[%clk 0:01:05]} Bd7
{[%clk 0:00:36]} 18. Nbd6 {[%clk 0:00:54]} Rab8 {[%clk 0:00:20]} 19. b4
{[%clk 0:00:33]} a6 {[%clk 0:00:06]} 20. a4 {[%clk 0:00:26]} Nxb4
{[%clk 0:00:04]} 21. Nxb7 {[%clk 0:00:20]} Bxa4 {[%clk 0:00:03]} 22. Rb1
{[%clk 0:00:13]} Rdc8 {[%clk 0:00:00]} 1-0

[Event "Blitz 2018"]
[Site "Saint-Petersburg"]
[Date "2018.12.29"]
[Round "3"]
[Board "96"]
[White "Dzhumagaliev Yan (RUS)"]
[Black "Al Thebaiti Ahmed M (KSA)"]
[Result "1-0"]
[BlackElo "1976"]
[WhiteElo "2489"]
[LiveChessVersion "1.4.8"]

1. d4 {[%clk 0:03:03]} d5 {[%clk 0:03:02]} 2. Nf3 {[%clk 0:03:03]} Nf6
{[%clk 0:03:01]} 3. c4 {[%clk 0:03:05]} dxc4 {[%clk 0:02:58]} 4. e3
{[%clk 0:03:05]} e6 {[%clk 0:02:59]} 5. Bxc4 c5 6. O-O {[%clk 0:03:03]} a6
{[%clk 0:03:02]} 7. Qe2 {[%clk 0:03:04]} Nc6 {[%clk 0:03:03]} 8. Rd1
{[%clk 0:03:04]} Qc7 {[%clk 0:03:04]} 9. a4 {[%clk 0:02:58]} Be7 {[%clk 0:03:04]}
10. e4 {[%clk 0:02:51]} Nxd4 {[%clk 0:02:54]} 11. Nxd4 {[%clk 0:02:50]} cxd4
{[%clk 0:02:55]} 12. e5 {[%clk 0:02:41]} Nd7 {[%clk 0:02:52]} 13. Bf4
{[%clk 0:02:39]} Bc5 {[%clk 0:02:34]} 14. Nd2 O-O {[%clk 0:02:28]} 15. Rac1
{[%clk 0:02:39]} Qb8 {[%clk 0:02:08]} 16. Bd3 {[%clk 0:02:35]} f5
{[%clk 0:01:46]} 17. Nb3 {[%clk 0:02:23]} b6 {[%clk 0:01:41]} 18. Bc4
{[%clk 0:02:18]} Re8 {[%clk 0:01:35]} 19. Nxd4 {[%clk 0:02:12]} Bxd4
{[%clk 0:01:35]} 20. Rxd4 {[%clk 0:02:13]} Nc5 {[%clk 0:01:33]} 21. b4
{[%clk 0:01:40]} Nxa4 {[%clk 0:01:26]} 22. Bb3 {[%clk 0:01:37]} b5
{[%clk 0:01:24]} 23. Rc6 {[%clk 0:01:35]} Qb7 {[%clk 0:01:10]} 24. Qc2
{[%clk 0:01:29]} Nb6 {[%clk 0:00:53]} 25. Rc7 {[%clk 0:01:10]} Qb8
{[%clk 0:00:43]} 26. Qc6 {[%clk 0:01:09]} Rf8 {[%clk 0:00:25]} 27. Bxe6+
{[%clk 0:00:58]} Bxe6 {[%clk 0:00:25]} 28. Qxe6+ {[%clk 0:00:59]} Kh8
{[%clk 0:00:25]} 29. Qe7 {[%clk 0:00:44]} Rg8 {[%clk 0:00:24]} 30. Rb7
{[%clk 0:00:35]} Qc8 {[%clk 0:00:13]} 31. Rxb6 {[%clk 0:00:34]} Qc3
{[%clk 0:00:15]} 32. Rd1 {[%clk 0:00:33]} Qxb4 {[%clk 0:00:11]} 33. Qxb4 1-0

[Event "Blitz 2018"]
[Site "Saint-Petersburg"]
[Date "2018.12.29"]
[Round "3"]
[Board "97"]
[White "Mamatov Melis (KGZ)"]
[Black "Sanal Vahap (TUR)"]
[Result "0-1"]
[BlackElo "2488"]
[WhiteElo "2213"]
[LiveChessVersion "1.4.8"]

1. e4 {[%clk 0:03:02]} e5 {[%clk 0:03:02]} 2. Nf3 {[%clk 0:03:03]} Nc6
{[%clk 0:03:02]} 3. Bc4 {[%clk 0:03:04]} Bc5 {[%clk 0:03:01]} 4. c3
{[%clk 0:03:03]} Nf6 {[%clk 0:03:01]} 5. d3 {[%clk 0:03:02]} O-O {[%clk 0:02:59]}
6. O-O {[%clk 0:03:03]} d6 {[%clk 0:02:53]} 7. a4 {[%clk 0:03:03]} a5
{[%clk 0:02:53]} 8. Na3 {[%clk 0:02:50]} h6 {[%clk 0:02:53]} 9. Nc2
{[%clk 0:02:50]} Bg4 {[%clk 0:02:46]} 10. Be3 {[%clk 0:02:29]} Bh5
{[%clk 0:02:29]} 11. Re1 {[%clk 0:02:05]} Bxe3 {[%clk 0:02:12]} 12. Nxe3
{[%clk 0:01:56]} Ne7 {[%clk 0:02:13]} 13. Bb3 {[%clk 0:01:31]} c6
{[%clk 0:02:11]} 14. Qe2 {[%clk 0:01:22]} d5 {[%clk 0:02:10]} 15. Nf1
{[%clk 0:01:04]} Ng6 {[%clk 0:02:08]} 16. Ng3 {[%clk 0:00:57]} Nf4
{[%clk 0:02:07]} 17. Qe3 {[%clk 0:00:56]} Bxf3 {[%clk 0:02:01]} 18. Qxf3
{[%clk 0:00:55]} Qb6 {[%clk 0:02:02]} 19. Ra3 {[%clk 0:00:43]} dxe4
{[%clk 0:01:45]} 20. Nxe4 {[%clk 0:00:31]} Nxe4 {[%clk 0:01:45]} 21. dxe4
{[%clk 0:00:21]} Rad8 {[%clk 0:01:44]} 22. g3 {[%clk 0:00:22]} Nd3
{[%clk 0:01:39]} 23. Rd1 {[%clk 0:00:12]} Nxb2 {[%clk 0:01:20]} 24. Rb1
{[%clk 0:00:05]} Rd2 {[%clk 0:01:12]} 25. Qe3 {[%clk 0:00:03]} Qxe3
{[%clk 0:01:07]} 26. fxe3 {[%clk 0:00:04]} Nd3 {[%clk 0:01:05]} 27. Bc4
{[%clk 0:00:04]} Nc5 {[%clk 0:01:05]} 28. Ra2 {[%clk 0:00:03]} Rfd8
{[%clk 0:01:00]} 29. Rab2 {[%clk 0:00:05]} Rxb2 {[%clk 0:00:56]} 30. Rxb2
{[%clk 0:00:06]} Kf8 {[%clk 0:00:57]} 31. Kf1 {[%clk 0:00:06]} Rd7
{[%clk 0:00:57]} 32. Ke2 {[%clk 0:00:06]} Nxe4 {[%clk 0:00:57]} 33. Rc2
{[%clk 0:00:03]} Nc5 {[%clk 0:00:58]} 34. Ra2 {[%clk 0:00:04]} Ke7
{[%clk 0:00:58]} 35. Ke1 {[%clk 0:00:03]} e4 {[%clk 0:00:59]} 36. Ke2
{[%clk 0:00:03]} f5 {[%clk 0:00:59]} 37. Ra1 {[%clk 0:00:04]} g6 {[%clk 0:00:57]}
38. Ra2 {[%clk 0:00:05]} Kf6 {[%clk 0:00:58]} 39. Ra1 {[%clk 0:00:06]} Ke5
{[%clk 0:00:59]} 40. Ra2 {[%clk 0:00:06]} g5 {[%clk 0:00:58]} 41. h4
{[%clk 0:00:07]} Rg7 {[%clk 0:00:54]} 42. Rd2 {[%clk 0:00:03]} gxh4
{[%clk 0:00:50]} 43. gxh4 {[%clk 0:00:04]} Rg2+ {[%clk 0:00:51]} 44. Kf1
{[%clk 0:00:05]} 0-1

[Event "Blitz 2018"]
[Site "Saint-Petersburg"]
[Date "2018.12.29"]
[Round "3"]
[Board "98"]
[White "Dubrovin Robert (EST)"]
[Black "Eliseev Alexei (RUS)"]
[Result "0-1"]
[BlackElo "2486"]
[WhiteElo "2176"]
[LiveChessVersion "1.4.8"]

1. d4 {[%clk 0:03:03]} g6 {[%clk 0:03:04]} 2. c4 {[%clk 0:03:04]} Bg7
{[%clk 0:03:04]} 3. Nf3 {[%clk 0:03:06]} c5 {[%clk 0:03:06]} 4. d5
{[%clk 0:03:06]} e5 {[%clk 0:03:06]} 5. Nc3 {[%clk 0:03:06]} d6 {[%clk 0:03:07]}
6. e4 {[%clk 0:03:07]} Nh6 {[%clk 0:03:08]} 7. Be2 {[%clk 0:03:09]} O-O 8. O-O f6
{[%clk 0:03:09]} 9. a3 {[%clk 0:03:09]} Na6 {[%clk 0:03:09]} 10. Rb1
{[%clk 0:03:10]} Nf7 {[%clk 0:03:09]} 11. b4 {[%clk 0:03:10]} f5 {[%clk 0:03:10]}
12. Nd2 {[%clk 0:02:45]} b6 {[%clk 0:03:02]} 13. bxc5 {[%clk 0:02:37]} Nxc5
{[%clk 0:02:58]} 14. Nb3 {[%clk 0:02:24]} Nxe4 {[%clk 0:02:53]} 15. Nxe4
{[%clk 0:02:25]} fxe4 {[%clk 0:02:54]} 16. Be3 {[%clk 0:02:23]} Bh6
{[%clk 0:02:51]} 17. Qd2 {[%clk 0:02:16]} Qh4 {[%clk 0:02:47]} 18. Rfe1
{[%clk 0:02:02]} Bd7 {[%clk 0:02:44]} 19. g3 {[%clk 0:02:02]} Qh3 20. Bf1 Bxe3
{[%clk 0:02:34]} 21. Qxe3 {[%clk 0:02:00]} Qh5 {[%clk 0:02:32]} 22. Be2
{[%clk 0:01:53]} Qf5 {[%clk 0:02:30]} 23. h4 {[%clk 0:01:48]} Kg7
{[%clk 0:02:26]} 24. Nd2 {[%clk 0:01:49]} g5 {[%clk 0:02:14]} 25. Qxe4
{[%clk 0:01:36]} gxh4 {[%clk 0:02:09]} 26. Qxh4 {[%clk 0:01:28]} Ng5
{[%clk 0:02:09]} 27. Rf1 {[%clk 0:01:12]} Kh8 {[%clk 0:01:40]} 28. f4
{[%clk 0:00:52]} exf4 {[%clk 0:01:40]} 29. gxf4 {[%clk 0:00:46]} Nh3+
{[%clk 0:01:34]} 30. Kh2 {[%clk 0:00:46]} Rae8 {[%clk 0:01:27]} 31. Rbe1
{[%clk 0:00:38]} Qc2 {[%clk 0:01:26]} 32. Bg4 {[%clk 0:00:15]} Qxd2+
{[%clk 0:01:14]} 33. Kxh3 {[%clk 0:00:16]} Bxg4+ {[%clk 0:01:14]} 34. Kxg4
{[%clk 0:00:15]} Qg2+ {[%clk 0:01:11]} 35. Kh5 {[%clk 0:00:13]} Qg6# 0-1